000 00765nam a2200265 i 4500
001 17206
003 ES-MaACL
005 20230906151526.0
007 t|
008 010122s2000 sp ||||0| spa j
020 _a84-339-6904-8
040 _aM-BN
_bspa
_cM-BN
080 _a821.111-31"19"
100 1 _aLodge, David.
_973068
245 1 3 _aLa caída del Museo Británico /
_cDavid Lodge ; traducción de Josep M. Jaumà.
250 _a2ª ed.
260 _aBardelona :
_bAnagrama,
_c[2000]
300 _a187 p. ;
_c22 cm.
490 1 _aPanorama de narrativas ;
_v444
700 0 _aJaumà, Josep M.
_966174
830 0 0 _aPanorama de narrativas
_v444
_9123642
852 _aES-MaACL
_jL-24187
_bR.129246
999 _c17206
_d17206